000 00680aas a2200181 4500
999 _c50084
_d50084
001 768714001
003 CO-MdFUSB
005 20170906105613.0
008 170906s1989 ag ||||| |||| 00| 0 spa d
022 _a0326-6737
040 _aCO-MdFUSB
_bspa
_cCO-MdFUSB
_dCO-MdFUSB
041 _aspa
100 1 _aConsejo Nacional de Iglesias de Corea
_eautor
245 1 0 _aDeclaración de las iglesias de Korea sobre la reunificación y la paz nacional
_c/ Consejo Nacional de Iglesias de Corea
300 _aVolumen 10. Número 1 (1989), páginas 33-44
_c: 23 cm.
773 0 _tCuadernos de Teología
_049404
_959699
_gVolumen 10. Número 1 (1989), páginas 33-44
_qPágina 33
942 _cANA